Velázquez. (Registro nro. 111)
[ vista simple ]
| 000 -LEADER | |
|---|---|
| fixed length control field | 01506 am a2200421 a 4500 |
| 005 - FECHA ULTIMA MODIFICACION | |
| control field | 20240216131024.0 |
| 008 - CAMPO DE CONTROL (LIBRO) | |
| fixed length control field | 100315s2004||||sp a f |||| 001 0 spa d |
| 020 ## - INTERNATIONAL STANDARD BOOK NUMBER | |
| ISBN | 8479037229 |
| 041 ## - CODIGO DE IDIOMA | |
| Código de idioma del texto/pista de sonido o título separado | spa |
| 092 ## - SIGNATURA TOPOGRAFICA DEWEY LOCAL | |
| número de clasificación | 615 |
| libristica | 91 |
| sección | VEL |
| 245 ## - TITULO PROPIAMENTE DICHO | |
| Título | Velázquez. |
| Subtítulo y Título paralelo | Farmacología básica y clínica / |
| Mención de responsabilidad y remanente de la transcripción de la portada | P. Lorenzo Fernández |
| 250 ## - MENCION DE EDICION | |
| Mención de edición | 17a ed. |
| 260 ## - PIE DE IMPRENTA | |
| Lugar de publicación, distribución, etc | Buenos Aires ; Madrid: |
| Nombre de la editorial, distribuidor, etc | Editorial Médica Panamericana; |
| Fecha de publicación | 2004. |
| 300 ## - DESCRIPCION FISICA | |
| Extension | 1250 p. |
| Dimensiones | 28 cm. |
| Otros detalles físicos | il. |
| 500 ## - NOTA GENERAL | |
| Nota general | Lorenzo Fernández, P. et al. (2004). Velázquez. Farmacología básica y clínica. (17a ed.). Buenos Aires ; Madrid : Editorial Médica Panamericana. |
| 590 ## - NOTAS LOCALES (RLIN) | |
| Nota local | Ingreso el ej. 7, inv. 2176 en reemplazo por Katzung inv. 1132 Perdido. Oct. 2010. |
| 653 ## - TÉRMINO INDIZADO - PALABRAS CLAVES | |
| Palabra clave | Farmacología básica |
| 653 ## - TÉRMINO INDIZADO - PALABRAS CLAVES | |
| Palabra clave | Sistema nervioso periférico |
| 653 ## - TÉRMINO INDIZADO - PALABRAS CLAVES | |
| Palabra clave | Sistema nervioso central |
| 653 ## - TÉRMINO INDIZADO - PALABRAS CLAVES | |
| Palabra clave | Aparato cardiovacular |
| 653 ## - TÉRMINO INDIZADO - PALABRAS CLAVES | |
| Palabra clave | Autacoides, inflamación y respuesta inmunológica |
| 653 ## - TÉRMINO INDIZADO - PALABRAS CLAVES | |
| Palabra clave | Aparato digestivo |
| 653 ## - TÉRMINO INDIZADO - PALABRAS CLAVES | |
| Palabra clave | Sistema endocrino |
| 653 ## - TÉRMINO INDIZADO - PALABRAS CLAVES | |
| Palabra clave | Aparato respiratorio |
| 653 ## - TÉRMINO INDIZADO - PALABRAS CLAVES | |
| Palabra clave | Sangre |
| 653 ## - TÉRMINO INDIZADO - PALABRAS CLAVES | |
| Palabra clave | Quimioterapia antiinfecciosa y antitumoral |
| 653 ## - TÉRMINO INDIZADO - PALABRAS CLAVES | |
| Palabra clave | Farmacología clínica |
| 700 1# - ENTRADAS SECUNDARIAS - NOMBRE PERSONAL | |
| Nombre personal | Lorenzo Fernández, Pedro. |
| 9 (RLIN) | 513 |
| 700 1# - ENTRADAS SECUNDARIAS - NOMBRE PERSONAL | |
| Nombre personal | Moreno González, Alfonso. |
| 9 (RLIN) | 514 |
| 700 1# - ENTRADAS SECUNDARIAS - NOMBRE PERSONAL | |
| Nombre personal | Leza Cerro, Juan C. |
| 9 (RLIN) | 515 |
| 700 1# - ENTRADAS SECUNDARIAS - NOMBRE PERSONAL | |
| Nombre personal | Lizasoain Hernández, Ignacio. |
| 9 (RLIN) | 516 |
| 700 1# - ENTRADAS SECUNDARIAS - NOMBRE PERSONAL | |
| Nombre personal | Moro Sánchez, M. Angeles. |
| 9 (RLIN) | 517 |
| 930 ## - NUMERO DE INVENTARIO | |
| Número de inventario | 1284 |
| 930 ## - NUMERO DE INVENTARIO | |
| Número de inventario | 1285 |
| 930 ## - NUMERO DE INVENTARIO | |
| Número de inventario | 1286 |
| 930 ## - NUMERO DE INVENTARIO | |
| Número de inventario | 1287 |
| 942 ## - ADDED ENTRY ELEMENTS (KOHA) | |
| Source of classification or shelving scheme | Dewey Decimal Classification |
| Item type | Libros |
| Estado de retiro | Existencia | Fuente de clasificación | Estado general | No para prestamo | Colección | Ubicación permanente | ubicación actual | Sala de ubicación | Fecha de adquisición | Total Checkouts | Total Renewals | Número de clasificación | Código de barras | Checked out | Date last seen | Date last borrowed | Número de ejemplar | Price effective from | Koha tipo de elemento (item) | Public note | Coded location qualifier |
|---|---|---|---|---|---|---|---|---|---|---|---|---|---|---|---|---|---|---|---|---|---|
| Dewey Decimal Classification | Reference | Biblioteca Medicina | Biblioteca Medicina | Referencia | 13/05/2011 | 1 | 11 | 615 91 VEL | 1284 | 11/10/2027 | 06/11/2014 | 18/08/2011 | ej.1 | 13/05/2011 | Reference | LIBRO DE CATEDRA | |||||
| Dewey Decimal Classification | Biblioteca Medicina | Biblioteca Medicina | Circulación | 13/05/2011 | 60 | 1 | 615 91 VEL | 1285 | 05/07/2018 | 29/06/2018 | ej.2 | 13/05/2011 | Libros | Sede Tordos. | |||||||
| Dewey Decimal Classification | Reference | Biblioteca Medicina | Biblioteca Medicina | Referencia | 13/05/2011 | 20 | 615 91 VEL | 1286 | 08/08/2016 | 04/07/2016 | ej.3 | 13/05/2011 | Reference | LIBRO DE CONSULTA. Sede Tordos. | |||||||
| Dewey Decimal Classification | Biblioteca Medicina | Biblioteca Medicina | Circulación | 13/05/2011 | 58 | 3 | 615 91 VEL | 1287 | 16/08/2018 | 03/07/2018 | ej.4 | 13/05/2011 | Libros | Sede Tordos. |